[Event "20th Dubai Open 2018"]
[Site "Dubai"]
[Date "2018.04.07"]
[Round "5"]
[White "Llopis De Aysa, Manuel"]
[Black "Kulkarni Bhakti"]
[Result "0-1"]
[WhiteElo "2147"]
[BlackElo "2317"]
[Annotator "NA"]
[PlyCount "156"]
[EventDate "2018.??.??"]
[EventType "swiss"]
[EventCountry "UAE"]
[SourceTitle "playchess.com"]
[Source "ChessBase"]
[SourceQuality "1"]
[TimeControl "5400+30"]

1. d4 {[%emt 0:00:00]} d5 {[%emt 0:02:44]} 2. Nf3 {[%emt 0:00:05]} Nf6 {[%emt 0:00:41]} 3. e3 {[%emt 0:00:21]} Bg4 {[%emt 0:03:08]} 4. h3 {[%emt 0:04:28]} Bxf3 {[%emt 0:01:35]} 5. Qxf3 {[%emt 0:00:08]} e6 {[%emt 0:00:27] D04: Colle System} 6. Bd3 {[%emt 0:11:34]} (6. c4 Bb4+ 7. Bd2 Bxd2+ 8. Nxd2 O-O 9. cxd5 exd5 10. Bd3 c6 11. O-O Qe7 12. Rfc1 Nbd7 13. Rc3 {0-1 (68) Bayer,B (2430)-Nisipeanu,L (2687) Austria 2017}) 6... c5 {[%emt 0:01:54]} 7. Bb5+ $146 {[%emt 0:14:29]} ({Predecessor:} 7. c3 Nc6 8. Nd2 Bd6 9. O-O O-O 10. Qe2 e5 11. dxc5 Bxc5 12. e4 Re8 13. exd5 Nxd5 {1-0 (59) Harmatosi,J (2252)-Heyl,T (2091) Budapest 2006}) 7... Nc6 {[%emt 0:01:15]} 8. O-O {[%emt 0:04:37] LiveBook: 592 Games} a6 {[%emt 0:03:46]} 9. Bxc6+ {[%emt 0:00:24]} bxc6 {[%emt 0:00:03]} 10. c4 {[%emt 0:02:13]} Be7 {[%emt 0:01:53]} 11. Nc3 {[%emt 0:02:31]} O-O {[%emt 0:00:31]} 12. Rd1 {[%emt 0:05:48]} Qc7 {[%emt 0:12:00]} 13. Qe2 {[%emt 0:02:04]} Rfd8 {[%emt 0:03:51]} 14. b3 {[%emt 0:01:07]} cxd4 {[%emt 0:06:16]} 15. exd4 {[%emt 0:01:05]} c5 {[%emt 0:02:32]} 16. dxc5 {[%emt 0:03:16]} Qxc5 {[%emt 0:03:51]} 17. Na4 {[%emt 0:05:10]} Qa7 {[%emt 0:09:35]} 18. cxd5 {[%emt 0:03:09]} Nxd5 {[%emt 0:01:21]} 19. Bb2 {[%emt 0:00:13]} Bf6 {[%emt 0:02:08]} 20. Bxf6 {[%emt 0:00:50]} Nxf6 {[%emt 0:01:29]} 21. Rxd8+ {[%emt 0:02:40]} Rxd8 {[%emt 0:00:05]} 22. Rc1 {[%emt 0:02:46]} h6 {[%emt 0:06:41]} 23. Rc5 {[%emt 0:11:57]} Qb7 {[%emt 0:04:56]} 24. Nc3 {[%emt 0:01:26]} Rd4 {[%emt 0:02:16]} 25. Rc4 {[%emt 0:04:53]} Qd7 {[%emt 0:02:08]} 26. Rxd4 {[%emt 0:00:40]} Qxd4 {[%emt 0:00:03]} 27. Qc2 {[%emt 0:00:41]} a5 {[%emt 0:02:10]} 28. g3 {[%emt 0:01:35]} h5 {[%emt 0:01:33]} 29. Ne2 {[%emt 0:04:47]} Qe5 {[%emt 0:02:41]} 30. h4 {[%emt 0:01:55]} Nd5 {[%emt 0:02:18]} 31. Qd2 {[%emt 0:01:27]} Qe4 {[%emt 0:02:57]} 32. Kh2 {[%emt 0:04:29]} g6 {[%emt 0:03:15]} 33. Kg1 {[%emt 0:00:56]} Kh7 {[%emt 0:00:19]} 34. Kh2 {[%emt 0:00:18]} e5 {[%emt 0:05:33]} 35. Kg1 {[%emt 0:02:20]} Nb4 {[%emt 0:01:08]} 36. Nc3 {[%emt 0:00:38]} Qd4 {[%emt 0:00:50]} 37. Qe3 {[%emt 0:00:51]} Nc2 {[%emt 0:01:54]} 38. Qf3 {[%emt 0:00:06]} Kg7 {[%emt 0:01:02]} 39. Ne4 {[%emt 0:00:33]} Qb6 {[%emt 0:02:10]} 40. Ng5 {[%emt 0:00:34]} f6 {[%emt 0:00:12]} 41. Ne4 {[%emt 0:00:08]} Qc6 {[%emt 0:00:40]} 42. Qe2 {[%emt 0:01:02]} Nd4 {[%emt 0:01:02]} 43. Qd3 {[%emt 0:00:04]} Qd5 {[%emt 0:01:21]} 44. Nd2 {[%emt 0:00:54]} f5 {[%emt 0:00:21]} 45. Kh2 {[%emt 0:00:33]} Qc5 {[%emt 0:02:20]} 46. Qc4 {[%emt 0:00:37]} Nxb3 {[%emt 0:00:29]} 47. Qxc5 {[%emt 0:00:15]} Nxc5 {[%emt 0:00:02]} 48. Nc4 {[%emt 0:00:10]} Nd3 {[%emt 0:01:12]} 49. Kg2 {[%emt 0:01:03]} a4 {[%emt 0:00:09]} 50. Kf1 {[%emt 0:00:28]} Kf6 {[%emt 0:00:07]} 51. Nb6 {[%emt 0:00:21]} a3 {[%emt 0:01:26]} 52. Nc4 {[%emt 0:00:26]} Nb4 {[%emt 0:00:08]} 53. Nxa3 {[%emt 0:00:04]} Nxa2 {[%emt 0:00:06]} 54. Nb5 {[%emt 0:00:53]} Nb4 {[%emt 0:01:09]} 55. Ke2 {[%emt 0:00:09]} Nd5 {[%emt 0:00:20]} 56. Nd6 {[%emt 0:00:20]} Ke6 {[%emt 0:00:33]} 57. Nc4 {[%emt 0:00:09]} Nb4 {[%emt 0:00:19]} 58. f3 {[%emt 0:00:40]} Kd5 {[%emt 0:00:26]} 59. Nb6+ {[%emt 0:00:31]} Kd4 {[%emt 0:00:44]} 60. Nd7 {[%emt 0:00:30]} Nd5 {[%emt 0:00:04]} 61. Nf8 {[%emt 0:00:51]} Ne7 {[%emt 0:01:09]} 62. Ne6+ {[%emt 0:00:24]} Kd5 {[%emt 0:00:11]} 63. Nf8 {[%emt 0:00:58]} f4 {[%emt 0:00:53]} 64. gxf4 {[%emt 0:00:48]} exf4 {[%emt 0:00:02]} 65. Kd3 {[%emt 0:00:21]} Ke5 {[%emt 0:00:05]} 66. Ke2 {[%emt 0:00:14]} Kf6 {[%emt 0:00:50]} 67. Kf2 {[%emt 0:00:57]} Nf5 {[%emt 0:00:07]} 68. Nd7+ {[%emt 0:00:10]} Ke7 $19 {[%emt 0:00:24]} 69. Nc5 {[%emt 0:00:36]} Nxh4 {[%emt 0:00:04]} 70. Nd3 {[%emt 0:00:30]} g5 {[%emt 0:00:03]} 71. Nc5 {[%emt 0:00:19]} Kf6 {[%emt 0:00:14]} 72. Nd3 {[%emt 0:00:47]} Kf5 {[%emt 0:00:06]} 73. Nb4 {[%emt 0:00:20]} g4 {[%emt 0:00:11]} 74. fxg4+ {[%emt 0:00:07]} hxg4 {[%emt 0:00:09]} 75. Nd3 {[%emt 0:00:49]} g3+ {[%emt 0:00:07]} 76. Kf1 {[%emt 0:00:17]} f3 {[%emt 0:00:15]} 77. Nc5 {[%emt 0:00:50]} Ng6 {[%emt 0:00:17]} 78. Kg1 {[%emt 0:00:46]} Nf4 {[%emt 0:00:06]} 0-1

[Event "20th Dubai Open 2018"]
[Site "Dubai"]
[Date "2018.04.07"]
[Round "6"]
[White "Jones, Gawain C B"]
[Black "Iturrizaga Bonelli, Eduardo"]
[Result "1/2-1/2"]
[WhiteElo "2675"]
[BlackElo "2624"]
[Annotator "TA"]
[PlyCount "43"]
[EventDate "2018.??.??"]
[EventType "swiss"]
[EventCountry "UAE"]
[SourceTitle "playchess.com"]
[Source "ChessBase"]
[SourceQuality "1"]

{[%evp 11,43,26,29,15,16,23,29,25,36,0,5,-5,0,0,22,-20,-17,-51,-27,-48,-44,-51,0,0,0,0,0,0,0,0,0,0,0,0]} 1. e4 c5 2. Nf3 Nc6 3. Bb5 e6 4. O-O Nge7 5. Re1 Nd4 6. Nxd4 cxd4 7. d3 {B30: Sicilian: 2...Nc6 3 Bb5, lines without ...g6} (7. c3 a6 8. Bf1 Nc6 9. a4 Bc5 10. b4 Bb6 11. Na3 O-O 12. Nc4 Bc7 13. cxd4 d5 14. exd5 Qxd5 15. Ba3 Nxd4 {½-½ (56) Ragger,M (2657)-Fedorov,A (2573) Katowice 2017}) 7... a6 8. Ba4 b5 9. Bb3 {White has an edge.} Bb7 10. Bg5 $146 {[%cal Bc1g5,Bg5h4,Bh4g3][%mdl 32]} ({Predecessor:} 10. Qh5 Nc6 11. Bg5 Be7 12. Bxe7 Qxe7 13. Nd2 O-O 14. f4 g6 {0-1 (37) Ulybin,M (2528)-Korneev,O (2553) Runavik 2017}) 10... Qc7 11. Bh4 Ng6 12. Bg3 Bd6 13. c3 Qb6 14. Qh5 Rc8 15. a4 Bxg3 16. hxg3 bxa4 (16... b4 $15 17. a5 Qd6) 17. Bxa4 $11 {The position is equal.} Qxb2 18. Ra3 O-O {[%cal Rc8c3] [#] And now ...Rxc3 would win.} 19. Rb3 Qa2 20. Ra3 Qb2 {[%cal Rc8c3] Threatens to win with ...Rxc3.} 21. Rb3 Qa2 22. Ra3 {Precision: White = 50%, Black = 52%.} 1/2-1/2

[Event "20th Dubai Open 2018"]
[Site "Dubai"]
[Date "2018.04.07"]
[Round "6"]
[White "Akopian, Vladimir"]
[Black "Pranav Vijay"]
[Result "1-0"]
[WhiteElo "2667"]
[BlackElo "2265"]
[Annotator "TA"]
[PlyCount "131"]
[EventDate "2018.??.??"]
[EventType "swiss"]
[EventCountry "UAE"]
[SourceTitle "playchess.com"]
[Source "ChessBase"]
[SourceQuality "1"]

{[%evp 12,130,36,30,34,33,37,35,52,31,29,32,45,38,71,35,38,32,22,24,43,43,51,51,51,45,43,35,37,29,26,11,14,12,20,0,17,0,7,-4,123,126,151,156,182,179,168,120,237,120,107,83,85,27,44,5,141,133,164,140,496,493,475,469,458,444,1050,1043,1035,1040,973,966,1345,1227,907,1480,1278,730,1771,1708,29947,12797,6099,5737,6115,12386,10775,10775,6536,6763,6015,5820,29970,29971,29973,29973,29966,29956,29983,29984,29984,29985,29990,29983,29983,29984,29986,29985,29985,29986,29989,29987,29993,29987,29995,29996,29997,29998,29998,29999,29999]} 1. e4 e5 2. Nf3 Nc6 3. Bc4 Nf6 4. d3 Be7 5. O-O O-O 6. Re1 d6 7. a3 {LiveBook: 57 Games} Na5 {C55: Two Knights: 4 d3, 4 d4 exd4 5 e5 and Max Lange Attack} (7... h6 8. h3 Re8 9. Nbd2 Bf8 10. Nf1 Ne7 11. Ng3 c6 12. c3 Ng6 13. d4 d5 14. exd5 e4 15. Ne5 cxd5 16. Nxg6 fxg6 {0-1 (41) Areshchenko,A (2652)-Jobava,B (2687) Linares 2017}) 8. Ba2 c5 9. b4 $146 ({Predecessor:} 9. Nc3 Nc6 10. h3 h6 11. Bd2 Re8 12. Rb1 Be6 13. Bxe6 fxe6 14. b4 b6 15. Ne2 {½-½ (54) Timofeev,A (2579)-Kovalchuk,A (2336) Taganrog 2017}) 9... Nc6 {White is slightly better.} 10. bxc5 dxc5 11. h3 Qc7 12. Nc3 Nd4 13. Bg5 Be6 14. Bxf6 Bxf6 15. Nd5 Bxd5 16. Bxd5 Rae8 17. a4 b6 18. c3 Ne6 19. g3 Qd7 20. Kg2 Nc7 21. c4 a5 22. Rb1 Rb8 23. Nh2 g6 24. h4 h5 $1 25. g4 Nxd5 ({Of course not} 25... Bxh4 $6 26. gxh5 Nxd5 27. exd5 $16) (25... Kg7 $11) 26. exd5 $16 Bxh4 27. gxh5 Qf5 {[#]} 28. Qf3 $1 Rfe8 29. hxg6 fxg6 (29... Qxg6+ $16 30. Qg4 Kh7) 30. Qxf5 ({Better is} 30. Re4 $18 Bf6 31. Ng4) 30... gxf5 31. Nf1 Kf7 32. Ne3 (32. Ng3 $16 Kf6 33. Kf3) 32... Kf6 $1 $11 33. Rb2 Red8 (33... e4 $11) 34. Reb1 $16 Rd6 35. Kf3 e4+ $2 {[%mdl 8192] [#]} (35... Kg6 $16 {is more resistant.} 36. Rb5 Rb7) 36. dxe4 $18 fxe4+ 37. Kxe4 Re8+ 38. Kd3 Rb8 (38... Bg5 $142 39. Rxb6 Rxb6 40. Rxb6+ Ke5) 39. Rh1 Rh8 40. f4 Kf7 41. Nf5 Rf6 42. Rxh4 Rxh4 43. Nxh4 Rxf4 {[%mdl 4096] Endgame KRN-KR} 44. Ng2 Rg4 45. Ne3 Rd4+ 46. Kc3 (46. Ke2 $142 Rh4 47. Rxb6 Rh1 48. Ra6 Ke7 49. Rxa5 Ra1 50. Kf3 Kd7 51. Ra7+ Ke8 52. a5) 46... Re4 47. Nc2 Rh4 48. Rxb6 Ke7 49. Rc6 Rh3+ 50. Kb2 Rh4 51. Rxc5 Kd6 52. Rc6+ {White mates.} Kd7 53. Kc3 Rh3+ 54. Kd4 Rh4+ 55. Kc5 Rh2 56. Nd4 Ra2 57. Kb5 Rd2 58. Ne6 Re2 59. Kxa5 Rb2 60. Nc5+ Kd8 61. d6 Rc2 62. d7 Ke7 63. Re6+ Kd8 64. Re8+ Kc7 65. d8=Q+ Kc6 66. Qb6# {Precision: White = 61%, Black = 34%.} 1-0

[Event "20th Dubai Open 2018"]
[Site "Dubai"]
[Date "2018.04.07"]
[Round "6"]
[White "Anton Guijarro, David"]
[Black "Santiago, Yago De Moura"]
[Result "1-0"]
[WhiteElo "2653"]
[BlackElo "2476"]
[Annotator "TA"]
[PlyCount "53"]
[EventDate "2018.??.??"]
[EventType "swiss"]
[EventCountry "UAE"]
[SourceTitle "playchess.com"]
[Source "ChessBase"]
[SourceQuality "1"]

{[%evp 14,53,44,37,47,43,51,43,69,76,91,83,90,75,80,36,81,70,85,92,81,64,70,26,42,27,34,26,112,108,328,322,321,321,320,326,369,325,1158,1148,29997,29998]} 1. d4 e6 2. c4 f5 3. g3 Nf6 4. Bg2 c6 5. Nh3 Be7 6. O-O d6 7. Nc3 O-O 8. Qc2 {LiveBook: 4 Games. A91: Classical Dutch: Early Deviations} (8. d5 e5 9. dxc6 bxc6 10. b4 Be6 11. b5 e4 12. Qa4 cxb5 13. cxb5 Nbd7 14. Ng5 Nb6 15. Nxe6 Nxa4 16. Nxd8 Nxc3 {1-0 (82) Morozevich,A (2739)-Kovalenko,I (2644) Moscow 2013}) 8... e5 9. Rd1 {[#] Hoping for dxe5.} Qe8 10. c5 {White is slightly better.} d5 11. dxe5 Nfd7 $146 ({Predecessor:} 11... Ng4 12. e3 g5 13. b4 Na6 14. a3 Nc7 15. Bb2 f4 16. exf4 {1-0 (63) Andersson,T (2389)-Nygren,K (2248) Vaxjo 2016}) 12. b4 {Threatens to win with b5.} Nxe5 13. Bb2 {And now Nxd5 would win.} Bf6 14. Nf4 Kh8 15. Ncxd5 cxd5 16. Nxd5 {Black must now prevent Nc7.} Na6 17. Nxf6 gxf6 18. Bc3 Nc7 19. a4 Rb8 20. Rd6 {[%cal Bd1d6,Bd6f6,Bf6g6][%mdl 32]} Kg8 (20... Be6 $11 {keeps the balance.}) 21. b5 $16 Nf7 $2 (21... Ne6 $16 {is a better defense.}) 22. Rxf6 $18 Qe7 23. Qd2 Rd8 24. Qf4 ({Not} 24. Rxf7 Kxf7 25. Qh6 Be6 $18) 24... Be6 25. Qe3 Re8 $2 (25... b6 26. c6 Rbc8 27. Rxf5 Qe8) 26. Qd4 {Threatening mate with Rg6+!} Red8 {[#]} 27. Rg6+ $1 {[%mdl 512] Precision: White = 88%, Black = 41%.} 1-0

[Event "20th Dubai Open 2018"]
[Site "Dubai"]
[Date "2018.04.07"]
[Round "6"]
[White "Rakhmanov, Aleksandr"]
[Black "Narayanan S L"]
[Result "0-1"]
[WhiteElo "2652"]
[BlackElo "2568"]
[Annotator "TA"]
[PlyCount "104"]
[EventDate "2018.??.??"]
[EventType "swiss"]
[EventCountry "UAE"]
[SourceTitle "playchess.com"]
[Source "ChessBase"]
[SourceQuality "1"]

{[%evp 13,104,30,33,15,18,0,0,-12,-15,-6,-4,-14,-14,-17,-14,-12,-12,-17,-7,-38,-49,-63,-58,-68,-36,-41,-39,-38,-53,-51,-25,-33,-27,-24,-20,-91,-6,-27,-35,-35,0,0,0,0,0,0,-4,-14,-16,-108,-96,-105,-97,-102,-100,-139,-113,-116,-126,-153,-142,-219,-197,-290,-228,-228,-227,-230,-231,-246,-234,-237,-237,-237,-224,-215,-201,-256,-261,-252,-160,-248,-246,-510,-495,-452,-386,-512,-328,-719,-719,-697,-685]} 1. Nf3 d5 2. g3 Nc6 3. d4 Bf5 4. Bg2 e6 5. O-O Nb4 6. Na3 h6 {D02: 1 d4 d5 2 Nf3 sidelines, including 2...Nf6 3 g3 and 2...Nf6 3 Bf4} 7. c3 (7. Ne5 Bd6 8. c3 Bxe5 9. dxe5 Nc6 10. c4 Nge7 11. cxd5 exd5 12. Nb5 O-O 13. Nd4 Nxd4 14. Qxd4 {0-1 (54) Vachier Lagrave,M (2789)-Bosiocic,M (2624) Riadh 2017}) 7... Nc6 {LiveBook: 10 Games} 8. c4 Bxa3 {The position is equal.} 9. bxa3 Be4 $146 ({Predecessor:} 9... dxc4 10. Qa4 Be4 11. Qxc4 Qd5 12. Qa4 Nge7 13. Bb2 b5 14. Qd1 {0-1 (39) Praggnanandhaa,R (2455)-Van Foreest,J (2584) Moscow 2017}) 10. Qa4 Nge7 11. Bb2 O-O 12. Rac1 a6 13. cxd5 exd5 14. Bh3 Bxf3 15. exf3 Nc8 16. Qb3 Na5 17. Qd3 Nc4 18. Bc3 N8d6 19. Bb4 a5 20. Bxd6 Qxd6 21. Rb1 Rab8 22. a4 $1 c6 23. Rfe1 b5 24. Qd1 (24. axb5 $11 cxb5 25. f4) 24... Rb6 (24... bxa4 $1 $17 25. Rxb8 Rxb8) 25. axb5 cxb5 26. f4 a4 27. Bg2 Rd8 28. h4 Rbb8 29. h5 Qc6 30. Qd3 b4 31. Bf3 (31. Rec1 $1 $11) 31... Na3 $1 $17 {[%cal Ra3b1]} 32. Rbc1 Qb5 33. Qf5 Qd7 34. Qd3 {[#]} b3 $1 35. axb3 axb3 {[%cal Ba4b3,Bb3b2][%mdl 32]} 36. Rc5 Qb7 37. Kf1 (37. Rf1 $17) 37... Qb4 38. Rc3 (38. Bxd5 $142 Rxd5 39. Rxd5) 38... Nc2 39. Rb1 Nxd4 40. Bd1 {[%cal Rd1b3]} b2 41. Bc2 Qb5 42. Qxb5 Rxb5 ({Not} 42... Nxb5 43. Rb3 $11) 43. Bd3 Rb4 44. Ke1 Rdb8 45. Kd2 Kf8 46. Ra3 Rb3 47. Ra5 (47. Rxb3 $17 {was worth a try.} Nxb3+ 48. Kc3) 47... Nf3+ $19 48. Ke2 $2 {[#]} (48. Kc2 {was the only defense.}) 48... Re8+ $1 49. Kxf3 Rxd3+ 50. Kg4 Rd2 51. f3 $2 (51. Rb5 Ree2 52. Rb8+ Ke7 53. Rb7+ Ke6 54. Rb6+ Kd7 55. Rb7+ Kc6 56. Rxf7) 51... Rb8 52. Rc5 d4 {Precision: White = 50%, Black = 81%.} 0-1

[Event "20th Dubai Open 2018"]
[Site "Dubai"]
[Date "2018.04.07"]
[Round "6"]
[White "Kovalev, Vladislav"]
[Black "Zubov, Alexander"]
[Result "0-1"]
[WhiteElo "2648"]
[BlackElo "2606"]
[Annotator "TA"]
[PlyCount "82"]
[EventDate "2018.??.??"]
[EventType "swiss"]
[EventCountry "UAE"]
[SourceTitle "playchess.com"]
[Source "ChessBase"]
[SourceQuality "1"]

{[%evp 19,82,22,29,-3,0,-24,-19,-26,-12,-79,-80,-64,-82,-87,-86,-95,-99,-89,-100,-101,-77,-109,-107,-109,-105,-104,-107,-125,-133,-172,-162,-185,-189,-185,-182,-181,-178,-202,-179,-231,-238,-223,-202,-314,-218,-221,-227,-541,-520,-524,-514,-694,-694,-689,-668,-947,-785,-941,-945,-1072,-1033,-1155,-1151,-1118,-1110]} 1. e4 c5 2. Nf3 d6 3. d4 cxd4 4. Nxd4 Nf6 5. f3 e5 6. Nb3 Be6 7. c4 Nbd7 8. Nc3 {B55: Sicilian: 2...d6 3 d4 cxd4 4 Nxd4 Nf6 5 f3} (8. Be3 b5 9. Na3 a6 10. cxb5 d5 11. bxa6 dxe4 12. Bb5 Nd5 13. Bc5 Nf4 14. O-O Bxb3 15. Qxd7+ Qxd7 16. Bxf8 Rxf8 17. axb3 Rxa6 18. Bxd7+ Kxd7 {½-½ (27) Vitiugov,N (2721)-Duda,J (2710) Czech Republic 2018}) 8... Rc8 9. Be3 Bxc4 10. Bxc4 Rxc4 {LiveBook: 22 Games} 11. O-O a6 12. Rc1 $146 ({Predecessor:} 12. Nd5 Be7 13. Nxe7 Kxe7 14. Qd2 b6 15. Rac1 Rxc1 16. Nxc1 {0-1 (60) Huerga Leache,M (2440)-Rubio Mejia,L (2454) Madrid 2014}) 12... Be7 13. Qd2 Rc7 14. Nd5 (14. Na1 $11) 14... Nxd5 $17 15. Qxd5 Nf6 16. Qd2 {[#] Strongly threatening Bb6.} Rd7 17. Rfd1 O-O 18. Qa5 Qb8 19. Bb6 Bd8 20. Rc2 {[#]} d5 $1 {[%mdl 512]} 21. Rcd2 (21. exd5 Bxb6+) 21... Rd6 {[%cal Bd7d6,Bd6c6,Bc6c5,Bc5c3][%mdl 32]} 22. Bxd8 Rfxd8 23. Qb4 g6 24. Na5 Qc7 25. Nc4 Rc6 26. b3 {[%cal Re4d5]} d4 27. a4 Rc5 28. Nb2 Nh5 {[%cal Bf6h5,Bh5g7,Bg7e6,Be6c5][%mdl 32]} 29. g3 (29. Nd3 {might work better.} Rc3 30. a5) 29... a5 $19 30. Qa3 Rc3 31. Rd3 (31. Nd3 $142) 31... Ng7 32. Nc4 Ne6 33. Qa2 $2 (33. Kg2) 33... Nc5 {Black is clearly winning.} 34. Rxc3 dxc3 35. Rc1 Rd3 36. Kg2 Qd8 37. Rc2 Na6 {...Nb4 is the strong threat.} 38. Qa1 Qd4 39. Qg1 Nb4 40. Qxd4 exd4 41. Rc1 c2 {Precision: White = 33%, Black = 93%.} 0-1

[Event "20th Dubai Open 2018"]
[Site "Dubai"]
[Date "2018.04.07"]
[Round "6"]
[White "Mareco, Sandro"]
[Black "Padmini, Rout"]
[Result "1-0"]
[WhiteElo "2645"]
[BlackElo "2360"]
[Annotator "TA"]
[PlyCount "135"]
[EventDate "2018.??.??"]
[EventType "swiss"]
[EventCountry "UAE"]
[SourceTitle "playchess.com"]
[Source "ChessBase"]
[SourceQuality "1"]

{[%evp 14,135,0,-22,4,5,15,-10,0,-3,0,0,0,0,0,0,0,0,0,0,0,0,0,0,0,0,0,0,0,-8,0,-20,-13,-24,-13,-20,-18,-36,0,-33,-8,-13,-4,-20,0,-11,0,0,0,0,0,0,0,0,4,0,0,0,0,-57,0,-3,0,-28,-4,-49,37,28,35,28,58,51,121,45,81,72,79,79,131,144,254,240,298,205,231,209,220,219,211,215,214,203,203,158,178,131,141,68,167,131,140,116,143,120,136,136,183,171,172,160,195,192,506,461,997,983,953,940,932,926,865,857,1068,786]} 1. c4 e5 2. Nc3 Nf6 3. Nf3 Nc6 4. e3 Bb4 5. Qc2 Bxc3 6. bxc3 d6 {A28: English Opening: Four Knights Variation} (6... O-O 7. Be2 d6 8. d3 Qe7 9. e4 Ne8 10. Ba3 b6 11. O-O f5 12. d4 exd4 13. e5 d3 14. Qxd3 Bb7 15. exd6 Nxd6 {½-½ (27) Harikrishna,P (2738)-Svidler,P (2763) Palma de Mallorca 2017}) 7. e4 O-O 8. g3 {LiveBook: 25 Games} Kh8 {The position is equal.} 9. Bg2 Ng8 10. Nh4 Nge7 11. d3 f5 12. exf5 Nxf5 13. Nf3 {[#]} Qe8 $146 ({Predecessor:} 13... Bd7 14. O-O {½-½ (61) Suba,M (2503)-Delchev,A (2603) Albacete 2004}) 14. Qe2 Nfe7 15. h3 Rb8 16. O-O b6 17. Ng5 h6 18. Ne4 Ng6 19. Be3 Nce7 {[%cal Bc6e7,Be7g8,Bg8f6][%mdl 32]} 20. Kh2 Ng8 21. Qd2 Nf6 22. f3 Bb7 23. Rfe1 Qd7 24. Rad1 Qf7 25. Qc2 Bc6 26. Bg1 Nh5 27. Bf2 Rbe8 28. Nd2 Nf6 29. Re2 Nh7 30. Rde1 Ng5 {[%cal Rg5f3]} 31. Re3 Bd7 32. d4 Nh7 33. Bf1 Bf5 34. Qa4 c5 35. Qd1 Rd8 36. Nb3 (36. a4 $11) 36... Be6 (36... h5 $15) 37. Nd2 $11 Bc8 38. Qa1 (38. dxe5 dxe5 39. Bg2 Bf5 $17) 38... Ne7 39. Bg2 Ng6 ({Black should play} 39... Ng5 $15 40. h4 Ne6) 40. a4 $14 Bf5 41. a5 bxa5 42. Qxa5 Rb8 ({Black should try} 42... Ng5 $14) 43. Qa3 (43. dxe5 $6 Nxe5 44. Qa6 Qc7 $11) (43. dxc5 $16 dxc5 44. R3e2 (44. Qxc5 Rfd8 $11)) 43... Rfc8 44. Ra1 Rc7 45. Ree1 {[%cal Rd4c5]} cxd4 (45... Rd8 $142) 46. cxd4 $16 {[%cal Bc3d4,Bd4e5][%mdl 32]} Rcb7 (46... Rd8 $16 47. d5 Nf6) 47. Qxd6 $18 Rb2 48. dxe5 {aiming for Bd4.} Qe8 49. Qd4 Qd8 50. Nf1 {And now f4 would win.} (50. Rxa7 Qxd4 51. Bxd4 Rxd2 $15) 50... Ng5 {[#] Hoping for ...Nxf3+.} 51. Qxd8+ $1 (51. Qxa7 $6 Qd3 $14) 51... Rxd8 52. Kg1 Nxh3+ 53. Bxh3 Bxh3 54. f4 (54. Bxa7 Rd3 $16) 54... Ne7 55. Red1 (55. Bxa7 $6 Rg2+ 56. Kh1 Nf5 $14) (55. Rxa7 $16 Nf5 56. c5) 55... Rc8 (55... Rxd1 $14 56. Rxd1 a5) 56. Rd2 (56. Bxa7 $6 Rg2+ 57. Kh1 Nf5 $14) 56... Rb7 57. c5 (57. Bxa7 $6 Ra8 $16) 57... Nf5 58. Ne3 Nxe3 59. Bxe3 Rcb8 60. Kf2 Bg4 61. Ra6 Rb1 62. c6 {Strongly threatening e6.} Rh1 $2 (62... Rc1 {is tougher.} 63. Rd8+ (63. Bxa7 Rb3 $16) (63. Rxa7 Rxc6 64. Bd4 Rg6 $16) 63... Rxd8 64. Bxc1 Rd3) 63. c7 {White is clearly winning.} Rbb1 {[#]} (63... Rc8 $142 64. Rxa7 Rh2+ 65. Kg1 Rxd2) 64. c8=Q+ $1 {[%mdl 512]} Bxc8 65. Rd8+ Kh7 66. Rxc8 Rb2+ 67. Kf3 Rf1+ 68. Ke4 {Precision: White = 55%, Black = 44%.} 1-0

[Event "20th Dubai Open 2018"]
[Site "Dubai"]
[Date "2018.04.07"]
[Round "6"]
[White "Efimenko, Zahar"]
[Black "Venkatesh, M.R"]
[Result "1/2-1/2"]
[WhiteElo "2634"]
[BlackElo "2487"]
[Annotator "TA"]
[PlyCount "87"]
[EventDate "2018.??.??"]
[EventType "swiss"]
[EventCountry "UAE"]
[SourceTitle "playchess.com"]
[Source "ChessBase"]
[SourceQuality "1"]

{[%evp 22,87,33,36,33,41,33,31,22,39,100,51,70,80,73,64,67,31,79,50,72,81,83,67,62,62,64,83,79,78,56,52,48,46,56,43,171,46,43,29,20,19,25,25,77,80,66,62,139,7,15,12,97,-8,-8,-8,-8,-8,-8,-8,0,-14,-5,-29,0,-13,-8,-8]} 1. Nf3 Nf6 2. g3 g6 3. b3 Bg7 4. Bb2 O-O 5. Bg2 d6 6. d4 c5 7. c4 Qa5+ 8. Nc3 {E60: King's Indian: Unusual lines and Fianchetto Variation without Nc3} (8. Bc3 Qc7 9. Nbd2 Re8 10. O-O e5 11. d5 e4 12. Ng5 Bf5 13. Bxf6 Bxf6 14. Ngxe4 Bxa1 15. Qxa1 Bxe4 16. Nxe4 {1-0 (40) Carlsen,M (2837)-Ding,L (2774) Saint Louis 2017}) 8... Ne4 9. Rc1 Nc6 10. O-O Bf5 11. e3 Nxc3 12. Bxc3 {LiveBook: 4 Games} Qa3 $146 ({Find the theoretical novelty and annotate with similar games:} 12... Qc7 13. Nh4 Bd7 14. d5 Na5 15. f4 b5 16. cxb5 Bxb5 {0-1 (42) Efimenko,Z (2656)-Puranik,A (2452) Zalakaros 2016}) 13. Nh4 Bd7 14. Qd2 a5 15. Ra1 Rfb8 (15... cxd4 $14 16. exd4 e5) 16. Rfc1 Be8 17. Nf3 cxd4 18. exd4 {[%cal Be3d4,Bd4d5][%mdl 32]} e5 $1 19. Re1 {[%cal Rd4e5]} Rd8 20. Qe3 {[%cal Rd4e5]} a4 21. d5 Ne7 22. Nd2 Nf5 23. Qd3 $1 $36 {[%mdl 2048] White has good play.} axb3 24. axb3 Qc5 25. Ne4 Qc7 26. b4 b6 27. f4 Rac8 28. Bf1 Nd4 {[#]} (28... b5 $1 $14) 29. fxe5 (29. Nxd6 $1 $18 {[%mdl 512]} Qxd6 30. fxe5 Bxe5 31. Rxe5 (31. Bxd4 Bxd4+ 32. Qxd4 Qxb4 $16) 31... Qxe5 32. Bxd4) 29... dxe5 $14 30. Bxd4 exd4 31. Rac1 Qb8 32. Bg2 h6 (32... Bd7 $11 {keeps the balance.}) 33. c5 $16 bxc5 34. bxc5 {Black must now prevent c6.} Bb5 (34... Qb5 $14 35. Bf1 Qxd3 36. Bxd3 Ba4) 35. Qd2 (35. Qb3 $16) 35... d3 36. Rb1 {Hoping for Qa5.} f5 (36... Rxd5 $11 37. Qb4 (37. Nf6+ Bxf6 38. Bxd5 Bd4+ 39. Kh1 Rxc5 $17) 37... Re5) 37. Nc3 ({Better is} 37. Nf2 $16) 37... Rxc5 $11 38. Nxb5 Rxb5 39. Qxd3 Rxb1 40. Rxb1 Qe5 41. Kh1 Kh7 42. Qd2 Ra8 43. Qe1 h5 44. Qxe5 {Precision: White = 51%, Black = 37%.} 1/2-1/2